| 000 | 00542nam a2200205Ia 4500 | ||
|---|---|---|---|
| 999 |
_c11304 _d11304 |
||
| 003 | 0100 | ||
| 005 | 20190320092647.0 | ||
| 008 | 130303s9999 xx 000 0 und d | ||
| 020 | _a803937792 | ||
| 040 | _cARRUPELIB | ||
| 050 | _aH62.P3218 1990 | ||
| 100 |
_aQuinn Patton, Michael _945278 |
||
| 245 |
_aQualitative evaluation and research methods _cMichael Quinn Patton |
||
| 250 | _a2nd edition | ||
| 260 |
_aLondon _bSage publications _c1990 |
||
| 300 |
_a532p. ; _c23cm |
||
| 650 |
_bSocial sciences _xMethodology _916965 |
||
| 650 |
_bEvaluation research (Social action programs) _945279 |
||
| 942 | 0 | 0 |
_04 _2lcc _cMONOGRAPH |